| 000 | 00000nam##2200000za#4500 |
| 001 | 9.663215 |
| 003 | CaOODSP |
| 005 | 20200330091721 |
| 007 | ta |
| 008 | 150407|1999||||xxc||||| f|0| 0 eng|d |
| 020 | |a0-662-66084-6 |
| 040 | |aCaOODSP|beng |
| 041 | |aeng |
| 041 | |afre |
| 043 | |an-cn--- |
| 086 | 1 |aE2-228/1999 |
| 110 | 1 |aCanada.|bForeign Affairs and International Trade. |bCanadian Centre for Foreign Policy Development. |
| 245 | 10|aReport from the Calgary Roundtable : |bhelping to develop a Canadian discussion on the Americas |
| 260 | |aOttawa - Ontario : |bForeign Affairs and International Trade. |c1999. |
| 300 | |aEnglish text, 21p. in various pagings. ; |c28 cm. |
| 500 | |aN.B.: Incorrect ISBN (0-662-30075-0) and catalogue number (E2-228/1999E) printed on this publication. |
| 546 | |aBilingual |
| 563 | |aSoftcover |
| 590 | |a01-48|b2001-11-30 |
| 690 | 07|aInternational security|2gcpds |
| 690 | 07|aFree trade|2gcpds |
| 776 | 0#|tContribution à la discussion sur les politiques canadiennes dans les Amériques : |w(CaOODSP)9.637756 |
| 776 | 0#|tHelping to Develop a Canadian Discussion on the Americas (March 17, 1999 Calgary) : |w(CaOODSP)9.686027 |
| 792 | |tRapport de la Table ronde de Calgary : |efre|w(CaOODSP)9.663216 |
| 986 | |a8004.1E |